Responses for Show #8030 - Friday, July 5, 2019

Ryan Bilger game 2.

Contestants

[<< previous game]

Jim Royal, a writer from St. Louis, Missouri

Sally Leedham, a legal assistant from Bradford, Ontario, Canada

Ryan Bilger, a student from Macungie, Pennsylvania (whose 1-day cash winnings total $34,650)

[next game >>]

Jeopardy! Round responses

WE MEAN BID-NESS
HISTORIC AMERICANS
PARTS OF THE WHOLE
THE FIFA MEN'S WORLD CUP
LITERARY MINNESOTA
(Alex: Each correct response will be two words...)
ONE LETTER DIFFERENT
    $200 15
Amazon

Ryan
    $200 30
Cotton Mather

Ryan
    $200 6
a unicycle

Ryan
    $200 18
the headbutt

Ryan
    $200 2
Sweden

Ryan
    $200 11
spice and space

Ryan
    $400 17
Beijing

Ryan
    $400 29
Clara Barton

Ryan
    $400 7
a gas dispenser (or pump)

Sally
    $400 19
Brazil

Ryan
    $1,000 1
Lake Superior

Ryan
    $400 12
audio and audit

Ryan
    $600 21
eBay

Ryan
    $600 28
Peary

Sally
    $600 8
a chainsaw

Sally
    $600 20
an own goal

Sally
    $600 3
Lake Wobegon

Ryan
    $600 13
preach and breach

Ryan
    $800 24
Fox

Jim
    $800 27
(William Randolph) Hearst

Ryan
    $800 9
a bagpipe

Sally
    $800 22
Montevideo

Ryan
    $800 4
F. Scott Fitzgerald

Ryan
    $800 14
a stump and a slump

Jim
    $1000 25
(Alex: With less than a minute now.)

HGTV

Jim
    $1000 26
Margaret Sanger

Ryan
    $1000 10
an arrow

Sally
    $1000 23
Wembley

Sally
    $1000 5
[Applause for Ryan running the category.]

the Vietnam War

Ryan
    $1000 16
canal and cabal

Sally

Scores at the first commercial break (after clue 15):

Ryan Sally Jim
$5,200 $2,800 $800

Scores at the end of the Jeopardy! Round:

Ryan Sally Jim
$10,000 $6,000 $2,600

Double Jeopardy! Round responses

A STEEL DAY
BIOGRAPHIES OF NON-PEOPLE
FEMALE SINGERS MONONYMOUS
NATIONAL
"G.O."
GRAPHIC
    $400 25
(Alex: Less than a minute now.)

a tariff

Sally
    $400 26
Lady Liberty

Sally
    $400 30
Beyoncé

Ryan
    $400 27
Ireland

Jim
    $400 28
Greek Orthodox

Ryan
    $400 29
"You've got mail"

Sally
    $800 24
United Steel Workers

Jim
    $800 17
a tortoise

Jim
    $800 18
Lorde

Ryan
    $800 14
Belize

Ryan
    $800 7
a golden oldie

Ryan
    $800 3
PlayStation

Sally
    $5,000 6
Andrew Carnegie

Ryan
    $1200 15
the Sphinx

Ryan
    $11,400 21
(Alex: Jim?)
(Jim: I'm not gonna know.)

Adele

Jim
    $1200 13
(Jim: What is Finland?)

Finlandia

RyanJim
    $1200 8
a gag order

Sally
    $1200 2
canoeing

Sally
    $1600 5
Krupp

Ryan
    $1600 16
Rin Tin Tin

Ryan
    $1600 20
Cher

Jim
    $1600 11
Bhutan

Jim
    $1600 9
gloss over

Ryan
    $1600 1
Ferrari

Ryan
    $2000 23
Bessemer

Jim
    $2000 19
Lyme disease

Jim
    $2000 22
(Jim: Who is Joan Baez?)

Odetta

Jim
Triple Stumper
    $2000 12
the United Arab Emirates

Sally
    $2000 10
geosynchronous orbit

Jim
    $2000 4
the Belle Epoque

Jim

Scores at the end of the Double Jeopardy! Round:

Ryan Sally Jim
$27,000 $12,400 $1,200
(lock game)

[wagering suggestions for these scores]

Final Jeopardy! Round responses

16th CENTURY NAMES
JimWho is Luther?
$0
SallyWho is Martin Luther?
$9,000
RyanWho is Martin Luther?
$2,199
Martin Luther

Final scores:

Ryan Sally Jim
$29,199 $21,400 $1,200
2-day champion: $63,849 2nd place: $2,000 3rd place: $1,000

Game dynamics:

Coryat scores:

Ryan Sally Jim
$22,600 $12,400 $12,600
31 R
(including 2 DDs),
0 W
15 R,
0 W
12 R,
3 W
(including 1 DD)

Combined Coryat: $47,600

[game clues] [game scores] [suggest correction]

Game tape date: 2019-03-26
The J! Archive is created by fans, for fans. Scraping, republication, monetization, and malicious use prohibited; this site may use cookies and collect identifying information. See terms. The Jeopardy! game show and all elements thereof, including but not limited to copyright and trademark thereto, are the property of Jeopardy Productions, Inc. and are protected under law. This website is not affiliated with, sponsored by, or operated by Jeopardy Productions, Inc. Join the discussion at JBoard.tv.